Điều tra đa dạng loài giun đất ở huyện Vĩnh Cửu - Đồng Nai : Luận văn tốt nghiệp Thạc sĩ ngành Sinh thái học

Đề tài thống kê thành phần loài, lập danh mục và xây dựng khóa định các loại giun đất ở Vĩnh Cửu - Đồng Nai, xác định đặc điểm phân bố định tính giun đất theo vùng cảnh quan, sinh cảnh và loại đất....

詳細記述

保存先:
書誌詳細
第一著者: Dương, Chí Trọng
フォーマット: 図書
言語:Undetermined
出版事項: Cần Thơ Trường Đại học Cần Thơ 2014
主題:
タグ: タグ追加
タグなし, このレコードへの初めてのタグを付けませんか!
Thư viện lưu trữ: Trung tâm Học liệu Trường Đại học Cần Thơ
LEADER 01130nam a2200229Ia 4500
001 CTU_192950
008 210402s9999 xx 000 0 und d
082 |a 592.64 
082 |b Tr431 
088 |a 60420120 
100 |a Dương, Chí Trọng 
245 0 |a Điều tra đa dạng loài giun đất ở huyện Vĩnh Cửu - Đồng Nai : 
245 0 |b Luận văn tốt nghiệp Thạc sĩ ngành Sinh thái học 
245 0 |c Dương Chí Trọng ; Trần Thị Thanh Bình (Cán bộ hướng dẫn) 
260 |a Cần Thơ 
260 |b Trường Đại học Cần Thơ 
260 |c 2014 
520 |a Đề tài thống kê thành phần loài, lập danh mục và xây dựng khóa định các loại giun đất ở Vĩnh Cửu - Đồng Nai, xác định đặc điểm phân bố định tính giun đất theo vùng cảnh quan, sinh cảnh và loại đất. 
650 |a Earthworms,Giun đất 
650 |x Ecology,Sinh thái 
910 |a Hải 
980 |a Trung tâm Học liệu Trường Đại học Cần Thơ